000 00608nam a2200229Ia 4500
003 OSt
005 20220923213424.0
006 a|||||r|||| 00| 0
007 ta
008 220922b |||||||| |||| 00| 0 hin d
024 _a161,850
037 _cTextual
040 _aARTS
_cARTS
_bhin
041 _2hin
_ahin
082 _aO152:3M80x, J6
100 _aप्रेमचंद
_9156277
245 0 _aप्रेम चतुर्थी
246 _aPrem chaturthī
260 _c1956
942 _hO152:3M80x, J6
_cTEXL
_2CC
999 _c316397
_d316397